000 00484nam a2200205 a 4500
001 BRCA_4294
005 20190320204621.0
008 240610s1961----nyu#######---#000-0#eng-#
041 _aeng
044 _anyu
050 4 _aPZ3
_b.W44 1961
100 1 _aWeeks, Jack
_911045
245 1 0 _aThe Grey Affair
_cJack Weeks.
260 _aNueva York
_bDell
_c1961
300 _a288 p.
_c16 cm.
500 _aCEF90
650 1 4 _aNovelas policĂ­acas
_9877
902 _aGFM
942 _2lcc
_cB
999 _c4005
_d4005